[Event "Olympiad Women-38"]
[Site "Dresden"]
[Date "2008.11.20"]
[Round "7"]
[White "Klimets, Elena"]
[Black "Gavrilova, Anastasia"]
[Result "1/2-1/2"]
[WhiteElo "2129"]
[BlackElo "2078"]
[PlyCount "118"]
[EventDate "2008.11.13"]
[EventType "team-swiss"]
[EventRounds "11"]
[EventCountry "GER"]
[SourceTitle "CBM 128"]
[Source "ChessBase"]
[SourceDate "2009.01.28"]
[SourceVersion "1"]
[SourceVersionDate "2009.01.28"]
[SourceQuality "1"]
[WhiteTeam "Belarus (W)"]
[BlackTeam "Switzerland (W)"]
[WhiteTeamCountry "BLR"]
[BlackTeamCountry "SUI"]

1. e4 c5 2. Nc3 d6 3. Nf3 Nf6 4. d4 cxd4 5. Nxd4 e6 6. Bc4 Be7 7. Be3 0-0 8. Qe2 d5 9. exd5 exd5 10. Bb3 Bb4 11. 0-0 Bxc3 12. bxc3 Nc6 13. Bg5 Bg4 14. Qb5 Qd6 15. Bxf6 Qxf6 16. Qxb7 Nxd4 17. cxd4 Qxd4 18. Qxd5 Qxd5 19. Bxd5 Rac8 20. c4 Be2 21. Rfc1 Rc5 22. Rc3 Rfc8 23. Rac1 Bg4 24. Re1 Kf8 25. Ra3 a5 26. h3 Bd7 27. Rf3 f6 28. Rfe3 Bc6 29. Be6 Rd8 30. R1e2 Be8 31. Rb2 Rc7 32. Rb6 Bf7 33. Bxf7 Kxf7 34. Ra6 Rd1+ 35. Kh2 Rc1 36. Rxa5 R1xc4 37. Rea3 Rc2 38. Ra7 Rxa7 39. Rxa7+ Kg6 40. Kg3 Rc1 41. h4 h5 42. Rd7 Rc3+ 43. f3 Rc2 44. a3 Ra2 45. Rd3 Kf5 46. Rd5+ Kg6 47. Ra5 Kh6 48. f4 Ra1 49. Kf2 Ra2+ 50. Kf3 Ra1 51. Ra8 Kg6 52. Ra5 Kh6 53. f5 Kh7 54. a4 Ra3+ 55. Kf4 Ra1 56. Ra8 Rf1+ 57. Ke4 Re1+ 58. Kf4 Rf1+ 59. Ke4 Re1+ 1/2-1/2

[Event "Ascona op"]
[Site "Ascona"]
[Date "2007.12.04"]
[Round "3"]
[White "Foisor, Cristina Adela B"]
[Black "Gavrilova, Anastasia"]
[Result "1-0"]
[WhiteElo "2388"]
[BlackElo "2104"]
[PlyCount "97"]
[EventDate "2007.12.03"]
[EventType "swiss"]
[EventRounds "9"]
[EventCountry "SUI"]
[SourceTitle "CBM 121 Extra"]
[Source "ChessBase"]
[SourceDate "2008.01.10"]
[SourceVersion "1"]
[SourceVersionDate "2008.01.10"]
[SourceQuality "1"]

1. c4 Nf6 2. g3 e5 3. Bg2 g6 4. Nc3 Bg7 5. d3 0-0 6. e4 d6 7. Nge2 c6 8. 0-0 Be6 9. h3 Qd7 10. Kh2 d5 11. exd5 cxd5 12. Qb3 Na6 13. cxd5 Bf5 14. Be3 Bxd3 15. Rfd1 Bxe2 16. Nxe2 b6 17. Qa3 Nc7 18. Nc3 Nb5 19. Nxb5 Qxb5 20. Rd2 Qd7 21. Qa6 Ne8 22. d6 Rc8 23. Rad1 f5 24. Bb7 Rb8 25. Qc4+ Kh8 26. Bc6 Qd8 27. f4 e4 28. b4 Nf6 29. Qe6 Ng8 30. b5 Bc3 31. Bd4+ Bxd4 32. Rxd4 Rf6 33. Qe5 Qf8 34. g4 Qg7 35. g5 Rff8 36. Kg3 h5 37. Ra4 Rf7 38. Qxg7+ Kxg7 39. d7 Rff8 40. Rxa7 Rfd8 41. Kf2 Ne7 42. Ke3 Kf7 43. Rd6 Kg7 44. Kd4 Kf8 45. Ke5 Kf7 46. Ra4 Ng8 47. Rad4 Kg7 48. Re6 Kf7 49. Kd6 1-0

[Event "EU-chT (Women) 16th"]
[Site "Heraklion"]
[Date "2007.10.30"]
[Round "3"]
[White "Misovic, Sanja"]
[Black "Gavrilova, Anastasia"]
[Result "1-0"]
[WhiteElo "1876"]
[BlackElo "2104"]
[PlyCount "101"]
[EventDate "2007.10.28"]
[EventType "tourn"]
[EventRounds "9"]
[EventCountry "GRE"]
[SourceTitle "EXT 2008"]
[Source "ChessBase"]
[SourceDate "2007.11.25"]
[SourceVersion "1"]
[SourceVersionDate "2007.11.25"]
[SourceQuality "1"]
[WhiteTeam "Montenegro (W)"]
[BlackTeam "Switzerland (W)"]
[WhiteTeamCountry "MNE"]
[BlackTeamCountry "SUI"]

1. d4 Nf6 2. c4 c5 3. d5 b5 4. cxb5 a6 5. b6 e6 6. Nc3 exd5 7. Nxd5 Nxd5 8. Qxd5 Nc6 9. Nf3 Rb8 10. e4 Be7 11. Bc4 0-0 12. 0-0 Rxb6 13. Qh5 d6 14. Ng5 Bxg5 15. Bxg5 Qc7 16. Bf4 Be6 17. Qxc5 dxc5 18. Bxc7 Rxb2 19. Bxe6 fxe6 20. Bd6 Rd8 21. Bxc5 Rdd2 22. a3 Rdc2 23. Rac1 Na5 24. Rxc2 Rxc2 25. Bb4 Nc4 26. h3 a5 27. Be7 Kf7 28. Bd8 Ke8 29. Rd1 Rc3 30. Rd4 Rxa3 31. Rxc4 Kxd8 32. Rc6 Ke7 33. Rc7+ Kf6 34. e5+ Kxe5 35. Rxg7 h6 36. Rh7 Rc3 37. Rxh6 a4 38. Rh5+ Kd6 39. Ra5 a3 40. h4 Ke7 41. h5 Kf6 42. g4 e5 43. Kg2 Rb3 44. h6 Kg6 45. Ra6+ Kg5 46. h7 Rb8 47. Rxa3 Rh8 48. Kg3 Rxh7 49. Ra5 Kf6 50. Ra6+ Kg5 51. Re6 1-0

[Event "GER-AUT-SUI m"]
[Site "Playchess.com INT"]
[Date "2007.10.16"]
[Round "1.7"]
[White "Lubbe, Melanie"]
[Black "Gavrilova, Anastasia"]
[Result "1-0"]
[WhiteElo "2278"]
[BlackElo "2118"]
[PlyCount "83"]
[EventDate "2007.10.16"]
[EventType "team-tourn (rapid)"]
[EventRounds "3"]
[EventCountry "GER"]
[SourceTitle "EXT 2009"]
[Source "ChessBase"]
[SourceDate "2008.11.26"]
[SourceVersion "1"]
[SourceVersionDate "2008.11.26"]
[SourceQuality "1"]
[WhiteTeam "Germany"]
[BlackTeam "Switzerland"]
[WhiteTeamCountry "GER"]
[BlackTeamCountry "SUI"]

1. e4 c5 2. Nf3 d6 3. d4 cxd4 4. Nxd4 Nf6 5. Nc3 a6 6. Be2 e6 7. 0-0 Be7 8. a4 0-0 9. Be3 Nc6 10. Nb3 b6 11. f4 Bb7 12. Bf3 Qc7 13. Qe1 Rab8 14. Qf2 Nd7 15. Kh1 Ba8 16. g4 Na5 17. Nd4 Nc4 18. Bc1 Qc5 19. f5 Bf6 20. Nce2 exf5 21. gxf5 Nde5 22. Bg2 Nc6 23. c3 N6e5 24. Qg3 d5 25. b3 Nd6 26. Ba3 Qc7 27. exd5 Rfe8 28. Rae1 b5 29. Nf4 Nd7 30. Nfe6 fxe6 31. Bxd6 Qb6 32. Bxb8 Nxb8 33. fxe6 Qd8 34. Qf3 bxa4 35. bxa4 Qa5 36. Nf5 Bxc3 37. Re3 Bf6 38. Nd6 Rf8 39. Qh5 Qc5 40. Rh3 h6 41. Ne4 Bd4 42. Nxc5 1-0

[Event "SUI-ch op"]
[Site "Leukerbad"]
[Date "2007.07.15"]
[Round "4"]
[White "Gavrilova, Anastasia"]
[Black "Clitan, Zaharia"]
[Result "0-1"]
[WhiteElo "2118"]
[BlackElo "2013"]
[PlyCount "44"]
[EventDate "2007.07.12"]
[EventType "swiss"]
[EventRounds "9"]
[EventCountry "SUI"]
[SourceTitle "CBM 119 Extra"]
[Source "ChessBase"]
[SourceDate "2007.09.04"]
[SourceVersion "1"]
[SourceVersionDate "2007.09.04"]
[SourceQuality "1"]

1. e4 c5 2. Nf3 e6 3. d3 Nc6 4. g3 Nge7 5. Bg2 g6 6. 0-0 Bg7 7. c3 d5 8. Nbd2 e5 9. exd5 Nxd5 10. Re1 0-0 11. Nc4 Re8 12. a4 b6 13. Qb3 Rb8 14. Nfxe5 Bxe5 15. Nxe5 Nxe5 16. Bxd5 Nf3+ 17. Bxf3 Rxe1+ 18. Kg2 Qxd3 19. g4 Qf1+ 20. Kg3 Qg1+ 21. Bg2 Bb7 22. f3 Rxc1 0-1

[Event "Liechtenstein op 25th"]
[Site "Triesen"]
[Date "2007.05.13"]
[Round "3"]
[White "Gavrilova, Anastasia"]
[Black "Hort, Vlastimil"]
[Result "1/2-1/2"]
[WhiteElo "2109"]
[BlackElo "2494"]
[PlyCount "111"]
[EventDate "2007.05.11"]
[EventType "swiss"]
[EventRounds "9"]
[EventCountry "LIE"]
[SourceTitle "CBM 118 Extra"]
[Source "ChessBase"]
[SourceDate "2007.07.04"]
[SourceVersion "1"]
[SourceVersionDate "2007.07.04"]
[SourceQuality "1"]

1. c4 e5 2. Nc3 Nc6 3. g3 g6 4. Bg2 Bg7 5. e3 d6 6. Nge2 f5 7. d3 Nf6 8. 0-0 0-0 9. Rb1 a5 10. a3 Ne7 11. b4 axb4 12. axb4 Rb8 13. Bd2 Be6 14. b5 Kh8 15. Qc2 Bg8 16. Ra1 Nc8 17. Ra4 Re8 18. Rfa1 Nb6 19. Ra7 e4 20. dxe4 fxe4 21. Nxe4 Nxe4 22. Bxe4 Bxc4 23. Nd4 d5 24. Bd3 Bxd4 25. exd4 Qd7 26. Bf4 Bxd3 27. Qxd3 Nc4 28. Rc1 Re4 29. b6 Rxf4 30. bxc7 Qxc7 31. gxf4 Qxf4 32. Re1 Nd2 33. Re3 Ne4 34. Rf3 Qg4+ 35. Rg3 Nxg3 36. hxg3 Qe4 37. Qb5 Rc8 38. Ra1 Qxd4 39. Rb1 b6 40. Qa6 Rc2 41. Qxb6 Rc1+ 42. Kh2 Qxb6 43. Rxb6 Kg7 44. Rd6 Rd1 45. Kg2 h5 46. Kf3 Rd4 47. Ke3 Re4+ 48. Kd3 Re5 49. Kd4 Re2 50. Rxd5 Rxf2 51. Ke3 Rf1 52. Rb5 Kf6 53. Ra5 Rf5 54. Ra6+ Kg5 55. Ra4 Rf6 56. Rb4 1/2-1/2

[Event "EU-ch U16 Girls"]
[Site "Herceg Novi"]
[Date "2006.09.19"]
[Round "9"]
[White "Rumiantseva, Maria"]
[Black "Gavrilova, Anastasia"]
[Result "1-0"]
[WhiteElo "2053"]
[BlackElo "2104"]
[PlyCount "73"]
[EventDate "2006.09.10"]
[EventType "swiss"]
[EventRounds "9"]
[EventCountry "MNE"]
[SourceTitle "CBM 114 Extra"]
[Source "ChessBase"]
[SourceDate "2006.11.03"]
[SourceVersion "1"]
[SourceVersionDate "2006.11.03"]
[SourceQuality "1"]

1. e4 c6 2. c4 d5 3. cxd5 cxd5 4. exd5 Nf6 5. Nc3 g6 6. Bc4 Bg7 7. Qb3 0-0 8. Nf3 Nbd7 9. 0-0 Nb6 10. d3 Bf5 11. Re1 Rc8 12. Bg5 h6 13. Bh4 g5 14. Bg3 Nfd7 15. Qb4 Nc5 16. Re3 Nxc4 17. dxc4 a5 18. Qa3 Nd3 19. Qb3 g4 20. Ne5 Nxe5 21. Bxe5 Bxe5 22. Rxe5 Bd3 23. Qd1 Bg6 24. Qxg4 Qc7 25. Re4 Kh7 26. Rd4 Rg8 27. Qh4 Rge8 28. Re1 Kg7 29. Re3 Qb6 30. b3 Qc5 31. h3 Rcd8 32. Nb5 b6 33. Qf4 Rc8 34. Qe5+ Kh7 35. Rh4 e6 36. Nd6 exd5 37. Nxe8 1-0

[Event "EU-ch U16 Girls"]
[Site "Herceg Novi"]
[Date "2006.09.16"]
[Round "6"]
[White "Agrest, Inna"]
[Black "Gavrilova, Anastasia"]
[Result "1-0"]
[WhiteElo "2004"]
[BlackElo "2104"]
[PlyCount "57"]
[EventDate "2006.09.10"]
[EventType "swiss"]
[EventRounds "9"]
[EventCountry "MNE"]
[SourceTitle "CBM 114 Extra"]
[Source "ChessBase"]
[SourceDate "2006.11.03"]
[SourceVersion "1"]
[SourceVersionDate "2006.11.03"]
[SourceQuality "1"]

1. e4 c6 2. d4 d5 3. exd5 cxd5 4. c4 Nf6 5. Nc3 g6 6. Nf3 Bg7 7. h3 0-0 8. Be2 Nbd7 9. c5 Nb8 10. 0-0 Nc6 11. Bg5 Ne4 12. Be3 Nxc3 13. bxc3 e5 14. Qd2 e4 15. Ne1 Be6 16. f3 f5 17. Rb1 Na5 18. Bh6 Bxh6 19. Qxh6 f4 20. fxe4 dxe4 21. Rxf4 Rxf4 22. Qxf4 Bxa2 23. Ra1 Bd5 24. Nc2 Nb3 25. Rb1 Na5 26. Ne3 Qd7 27. Qe5 Bf7 28. Ng4 Qf5 29. Nh6+ 1-0

[Event "EU-ch U16 Girls"]
[Site "Herceg Novi"]
[Date "2006.09.14"]
[Round "5"]
[White "Traistaru, Teodora"]
[Black "Gavrilova, Anastasia"]
[Result "0-1"]
[WhiteElo "2150"]
[BlackElo "2104"]
[PlyCount "108"]
[EventDate "2006.09.10"]
[EventType "swiss"]
[EventRounds "9"]
[EventCountry "MNE"]
[SourceTitle "CBM 114 Extra"]
[Source "ChessBase"]
[SourceDate "2006.11.03"]
[SourceVersion "1"]
[SourceVersionDate "2006.11.03"]
[SourceQuality "1"]

1. e4 c5 2. Nc3 Nc6 3. f4 e6 4. Nf3 a6 5. a4 d6 6. d4 cxd4 7. Nxd4 Nf6 8. Be2 Be7 9. Nxc6 bxc6 10. a5 Bb7 11. 0-0 0-0 12. Bd3 e5 13. fxe5 dxe5 14. Be3 c5 15. Qf3 Qd7 16. h3 Bc6 17. b3 Bb5 18. Bxb5 axb5 19. Qf5 Qxf5 20. Rxf5 b4 21. Nb5 Nxe4 22. Nc7 Ra7 23. Nd5 Bd6 24. Nxb4 Rfa8 25. Nd3 Rxa5 26. Re1 Ra1 27. Rff1 Rxe1 28. Rxe1 f5 29. Nf2 Nxf2 30. Bxf2 Kf7 31. g3 Ke6 32. Kf1 e4 33. Kg2 Ra2 34. Re2 Ra8 35. Re1 Ra5 36. Be3 Be5 37. Rd1 Ra2 38. Rd2 Bc3 39. Re2 Bd4 40. Kf2 Bxe3+ 41. Kxe3 Ke5 42. h4 g6 43. Rf2 h6 44. Rd2 g5 45. hxg5 hxg5 46. Rf2 Rb2 47. Kd2 f4 48. gxf4+ gxf4 49. Kc3 Ra2 50. Rh2 f3 51. Kd2 Kf4 52. Rh8 e3+ 53. Kd3 e2 54. Rh1 Ra8 0-1

[Event "Olympiad Women-37"]
[Site "Turin"]
[Date "2006.06.02"]
[Round "11"]
[White "Gavrilova, Anastasia"]
[Black "Fridthjofsdottir, Sigurlaug Regina"]
[Result "1-0"]
[WhiteElo "2098"]
[BlackElo "1876"]
[PlyCount "101"]
[EventDate "2006.05.21"]
[EventType "team-swiss"]
[EventRounds "13"]
[EventCountry "ITA"]
[SourceTitle "CBM 112 Extra"]
[Source "ChessBase"]
[SourceDate "2006.07.14"]
[SourceVersion "1"]
[SourceVersionDate "2006.07.14"]
[SourceQuality "1"]
[WhiteTeam "Switzerland (W)"]
[BlackTeam "Island (W)"]
[WhiteTeamCountry "SUI"]
[BlackTeamCountry "ISL"]

1. e4 e6 2. d3 d5 3. Nd2 c5 4. g3 Nc6 5. Bg2 Nf6 6. Ngf3 Be7 7. 0-0 b6 8. Re1 Bb7 9. e5 Nd7 10. Nf1 Qc7 11. Bf4 h6 12. h4 0-0-0 13. c3 Rdg8 14. h5 g5 15. hxg6 fxg6 16. d4 g5 17. Be3 g4 18. N3h2 h5 19. f3 gxf3 20. Bh3 Rg6 21. Nxf3 Ba6 22. Bf4 Qd8 23. Kh1 Qg8 24. Ne3 h4 25. g4 Qf8 26. Ng2 Kb7 27. a3 Nd8 28. b4 cxb4 29. axb4 Bb5 30. Qd2 Qg7 31. Rg1 Nf7 32. Qf2 Ng5 33. Nxg5 Bxg5 34. Bxg5 Rxg5 35. Qe3 Nf8 36. Ne1 Qe7 37. Nf3 Rgg8 38. g5 Ng6 39. Rg4 Rf8 40. Bf1 Bxf1 41. Rxf1 Qf7 42. Nd2 Qh7 43. Rf6 Qh5 44. Rg1 h3 45. Qf3 Qxf3+ 46. Nxf3 Rxf6 47. gxf6 Nf4 48. Rg7+ Ka6 49. f7 Rf8 50. Ng5 Ne2 51. Nxe6 1-0

[Event "Olympiad Women-37"]
[Site "Turin"]
[Date "2006.05.25"]
[Round "5"]
[White "Gavrilova, Anastasia"]
[Black "Martinez, Natiska"]
[Result "1-0"]
[WhiteElo "2098"]
[BlackElo "2050"]
[PlyCount "45"]
[EventDate "2006.05.21"]
[EventType "team-swiss"]
[EventRounds "13"]
[EventCountry "ITA"]
[SourceTitle "CBM 112 Extra"]
[Source "ChessBase"]
[SourceDate "2006.07.14"]
[SourceVersion "1"]
[SourceVersionDate "2006.07.14"]
[SourceQuality "1"]
[WhiteTeam "Switzerland (W)"]
[BlackTeam "Puerto Rico (W)"]
[WhiteTeamCountry "SUI"]
[BlackTeamCountry "PUR"]

1. c4 e5 2. Nc3 Nc6 3. g3 g6 4. Bg2 Bg7 5. d3 Nf6 6. e4 0-0 7. Nge2 d6 8. 0-0 Be6 9. f4 Qc8 10. Nd5 Qd7 11. fxe5 Ne8 12. Nf6+ Nxf6 13. exf6 Bh8 14. Bg5 Ne5 15. Qd2 c6 16. b3 Qd8 17. d4 Ng4 18. Qf4 h6 19. Bh4 g5 20. Bxg5 hxg5 21. Qxg5+ Kh7 22. e5 dxe5 23. Be4+ 1-0

[Event "Olympiad Women-37"]
[Site "Turin"]
[Date "2006.05.23"]
[Round "3"]
[White "Gavrilova, Anastasia"]
[Black "Mendoza, Beverly"]
[Result "0-1"]
[WhiteElo "2098"]
[BlackElo "2132"]
[PlyCount "50"]
[EventDate "2006.05.21"]
[EventType "team-swiss"]
[EventRounds "13"]
[EventCountry "ITA"]
[SourceTitle "CBM 112 Extra"]
[Source "ChessBase"]
[SourceDate "2006.07.14"]
[SourceVersion "1"]
[SourceVersionDate "2006.07.14"]
[SourceQuality "1"]
[WhiteTeam "Switzerland (W)"]
[BlackTeam "Philippines (W)"]
[WhiteTeamCountry "SUI"]
[BlackTeamCountry "PHI"]

1. c4 e5 2. Nc3 Nc6 3. g3 f5 4. Bg2 Nf6 5. e3 e4 6. f3 Bb4 7. Qc2 Bxc3 8. Qxc3 Qe7 9. Ne2 Ne5 10. Nd4 d6 11. f4 Nd3+ 12. Kf1 c5 13. Nc2 Be6 14. Ne1 Nxe1 15. Kxe1 0-0 16. b3 d5 17. Bb2 Rfd8 18. Ba3 dxc4 19. bxc4 Rac8 20. Bf1 Bf7 21. Be2 Qe8 22. Bb2 Bh5 23. Bxh5 Qxh5 24. Qe5 Re8 25. Qd6 Rc6 0-1

[Event "BL 0506 (Women)"]
[Site "Germany"]
[Date "2006.04.09"]
[Round "11.4"]
[White "Gavrilova, Anastasia"]
[Black "Glaser, Andrea"]
[Result "1-0"]
[WhiteElo "2026"]
[BlackElo "1955"]
[PlyCount "85"]
[EventDate "2005.10.29"]
[EventType "team-tourn"]
[EventRounds "11"]
[EventCountry "GER"]
[SourceTitle "EXT 2007"]
[Source "ChessBase"]
[SourceDate "2006.11.23"]
[SourceVersion "1"]
[SourceVersionDate "2006.11.23"]
[SourceQuality "1"]
[WhiteTeam "Leipzig WBA (W)"]
[BlackTeam "Halle (W)"]
[WhiteTeamCountry "GER"]
[BlackTeamCountry "GER"]

1. e4 c5 2. Nf3 e6 3. d3 d6 4. g3 Nc6 5. Bg2 g6 6. 0-0 Bg7 7. c3 Nge7 8. d4 cxd4 9. cxd4 0-0 10. Nc3 a6 11. d5 exd5 12. exd5 Ne5 13. Bf4 Bg4 14. Re1 Nf5 15. h3 Nxf3+ 16. Bxf3 Bxf3 17. Qxf3 Qd7 18. Kh2 Nd4 19. Qd3 f5 20. Ne2 Nb5 21. a4 Nc7 22. Bd2 Rfe8 23. Nf4 Be5 24. Qb3 b5 25. a5 Qf7 26. Rad1 Re7 27. Ne6 Rae8 28. Nxc7 Rxc7 29. f4 Bg7 30. Re6 Rxe6 31. dxe6 Qe7 32. Rc1 Rc5 33. Be3 Rxc1 34. Bxc1 Bd4 35. Qd5 Bf6 36. Bd2 Bg7 37. Qa8+ Bf8 38. Qxa6 Qxe6 39. Qxb5 Qe4 40. a6 Qf3 41. Be1 h5 42. Qe8 h4 43. a7 1-0

[Event "BL 0506 (Women)"]
[Site "Germany"]
[Date "2005.11.19"]
[Round "3"]
[White "Gavrilova, Anastasia"]
[Black "Vidonyak, Nellya"]
[Result "1/2-1/2"]
[WhiteElo "2081"]
[BlackElo "2248"]
[PlyCount "81"]
[EventDate "2005.10.29"]
[EventType "team-tourn"]
[EventRounds "11"]
[EventCountry "GER"]
[SourceTitle "CBM 109 Extra"]
[Source "ChessBase"]
[SourceDate "2006.01.03"]
[SourceVersion "2"]
[SourceVersionDate "2006.01.03"]
[SourceQuality "1"]

1. c4 f5 2. Nc3 Nf6 3. g3 g6 4. Bg2 Bg7 5. d4 0-0 6. Nf3 d6 7. 0-0 c6 8. h3 Kh8 9. b3 c5 10. Bb2 Ne4 11. Qd3 cxd4 12. Nxe4 fxe4 13. Qxe4 e5 14. e3 Nc6 15. exd4 exd4 16. Bxd4 Nxd4 17. Nxd4 Qb6 18. Rad1 Bd7 19. Qxb7 Bxd4 20. Qxb6 Bxb6 21. Bxa8 Rxa8 22. Rxd6 Bxh3 23. Rc1 Bc5 24. Rd5 Rc8 25. Re1 Kg7 26. Ree5 Bb4 27. Rb5 a5 28. a3 Bxa3 29. Rxa5 Bb4 30. Ra7+ Kf6 31. Rb5 Bc3 32. Rxh7 Bf5 33. Rb6+ Ke5 34. Re7+ Kd4 35. Rd6+ Kc5 36. Rd5+ Kc6 37. Re3 Bb4 38. Rb5 Bc5 39. Re5 Bd6 40. Re1 Ra8 41. Re2 1/2-1/2

[Event "Wch U16 Girls"]
[Site "Belfort"]
[Date "2005.07.26"]
[Round "9"]
[White "Iurascu, Mihaela"]
[Black "Gavrilova, Anastasia"]
[Result "1/2-1/2"]
[WhiteElo "1901"]
[BlackElo "2082"]
[PlyCount "45"]
[EventDate "2005.07.19"]
[EventType "swiss"]
[EventRounds "11"]
[EventCountry "FRA"]
[SourceTitle "CBM 107 Extra"]
[Source "ChessBase"]
[SourceDate "2005.09.01"]
[SourceVersion "1"]
[SourceVersionDate "2005.09.01"]
[SourceQuality "1"]

1. c4 Nf6 2. Nc3 c5 3. e4 Nc6 4. g3 e6 5. Bg2 d6 6. d3 Be7 7. Nge2 0-0 8. 0-0 a6 9. h3 Nd7 10. Be3 Qc7 11. Rc1 b6 12. d4 cxd4 13. Nxd4 Bb7 14. b3 Nxd4 15. Bxd4 Rac8 16. Qe2 Qb8 17. Rfd1 Rfd8 18. Na4 Bc6 19. Nc3 b5 20. cxb5 axb5 21. b4 Qb7 22. Bf1 Rb8 23. a4 1/2-1/2

[Event "Wch U16 Girls"]
[Site "Belfort"]
[Date "2005.07.25"]
[Round "7"]
[White "Paganoglou, Anastasia"]
[Black "Gavrilova, Anastasia"]
[Result "0-1"]
[WhiteElo "1948"]
[BlackElo "2082"]
[PlyCount "94"]
[EventDate "2005.07.19"]
[EventType "swiss"]
[EventRounds "11"]
[EventCountry "FRA"]
[SourceTitle "CBM 107 Extra"]
[Source "ChessBase"]
[SourceDate "2005.09.01"]
[SourceVersion "1"]
[SourceVersionDate "2005.09.01"]
[SourceQuality "1"]

1. e4 c5 2. Nf3 d6 3. d4 cxd4 4. Nxd4 Nf6 5. Nc3 a6 6. Be2 e6 7. 0-0 Be7 8. Kh1 0-0 9. a4 Nc6 10. Be3 e5 11. Nxc6 bxc6 12. a5 d5 13. Bb6 Qd6 14. Bf3 Be6 15. Qe2 Bd8 16. Na4 Nd7 17. Rfd1 d4 18. Bg4 Bxg4 19. Qxg4 Bxb6 20. Nxb6 Nxb6 21. axb6 c5 22. b7 Ra7 23. Qc8 Qb6 24. Rxa6 Rxa6 25. b8Q Qxb8 26. Qxa6 Qxb2 27. Qc4 Rc8 28. Qa6 Rb8 29. Qd6 Qb1 30. Qd8+ Rxd8 31. Rxb1 Kf8 32. Kg1 Ke7 33. Kf1 Kd6 34. Ke2 Kc6 35. Kd3 Ra8 36. h3 g6 37. Rb2 f5 38. exf5 gxf5 39. f3 Kd5 40. Rb7 e4+ 41. Kd2 e3+ 42. Kd3 c4+ 43. Ke2 Ra3 44. Kd1 d3 45. cxd3 cxd3 46. Rd7+ Kc4 47. Rc7+ Kb5 0-1

[Event "Wch U16 Girls"]
[Site "Belfort"]
[Date "2005.07.19"]
[Round "1"]
[White "Guevara, Marisol Kiyoko"]
[Black "Gavrilova, Anastasia"]
[Result "0-1"]
[WhiteElo "1599"]
[BlackElo "2082"]
[PlyCount "70"]
[EventDate "2005.07.19"]
[EventType "swiss"]
[EventRounds "11"]
[EventCountry "FRA"]
[SourceTitle "CBM 107 Extra"]
[Source "ChessBase"]
[SourceDate "2005.09.01"]
[SourceVersion "1"]
[SourceVersionDate "2005.09.01"]
[SourceQuality "1"]

1. e4 c6 2. d4 d5 3. Nc3 dxe4 4. Nxe4 Nd7 5. Nf3 Ngf6 6. Nxf6+ Nxf6 7. Bc4 e6 8. 0-0 Qc7 9. Re1 Be7 10. c3 0-0 11. Qc2 c5 12. Bg5 cxd4 13. cxd4 h6 14. Bh4 b5 15. Bd3 Qxc2 16. Bxc2 Bb7 17. Ne5 g5 18. Bg3 Rfd8 19. Rad1 Nh5 20. Rf1 Nxg3 21. fxg3 f5 22. Bb3 Bd5 23. Bxd5 Rxd5 24. Nc6 Bf6 25. Rde1 Rd6 26. Ne5 Rad8 27. Rc1 Ra8 28. Nc6 Kg7 29. Rc5 Rc8 30. Nxa7 Bxd4+ 31. Kh1 Rxc5 32. b4 Rcd5 33. Rc1 Bxa7 34. Rc7+ Rd7 35. Rxd7+ Rxd7 0-1

[Event "Wch U14 Girls"]
[Site "Heraklion"]
[Date "2004.11.05"]
[Round "2"]
[White "Guramishvili, Sopiko"]
[Black "Gavrilova, Anastasia"]
[Result "1/2-1/2"]
[WhiteElo "2132"]
[BlackElo "1996"]
[PlyCount "69"]
[EventDate "2004.11.04"]
[EventType "swiss"]
[EventRounds "11"]
[EventCountry "GRE"]
[SourceTitle "EXT 2005"]
[Source "ChessBase"]
[SourceDate "2004.11.15"]
[SourceVersion "1"]
[SourceVersionDate "2004.11.15"]
[SourceQuality "1"]

1. d4 Nf6 2. c4 c5 3. d5 b5 4. cxb5 a6 5. bxa6 Bxa6 6. Nc3 g6 7. e4 Bxf1 8. Kxf1 d6 9. g4 Bg7 10. Kg2 0-0 11. g5 Nh5 12. Nge2 e5 13. h4 f5 14. exf5 Rxf5 15. Ng3 Nf4+ 16. Bxf4 Rxf4 17. Nce4 Qb6 18. b3 Na6 19. h5 Nc7 20. hxg6 hxg6 21. Qd3 Qa6 22. Qxa6 Rxa6 23. a4 Rf8 24. Rhd1 Rb8 25. Rd3 Rb4 26. Rc1 Rd4 27. Rxd4 exd4 28. b4 Nxd5 29. bxc5 Nf4+ 30. Kf3 Nd3 31. Rd1 Nxc5 32. Ne2 Ne6 33. Nf4 Nxf4 34. Kxf4 Be5+ 35. Kg4 1/2-1/2

[Event "Winterthur op"]
[Site "Winterthur"]
[Date "2004.10.03"]
[Round "3"]
[White "Gavrilova, Anastasia"]
[Black "Malakhatko, Vadim"]
[Result "0-1"]
[WhiteElo "1996"]
[BlackElo "2571"]
[PlyCount "82"]
[EventDate "2004.10.01"]
[EventType "swiss"]
[EventRounds "9"]
[EventCountry "SUI"]
[SourceTitle "CBM 102 Extra"]
[Source "ChessBase"]
[SourceDate "2004.11.03"]
[SourceVersion "1"]
[SourceVersionDate "2004.11.03"]
[SourceQuality "1"]

1. e4 c5 2. Nf3 e6 3. d4 cxd4 4. Nxd4 a6 5. Nc3 b5 6. Bd3 Qb6 7. Be3 Bc5 8. Nce2 Nf6 9. h3 Bb7 10. c3 Bxe4 11. Bxe4 Nxe4 12. b4 Bxd4 13. Bxd4 Qb7 14. Bxg7 Rg8 15. Qd4 f5 16. f3 Nc6 17. Qe3 Rxg7 18. fxe4 Ne7 19. Qd4 Rxg2 20. Nf4 Rg8 21. 0-0-0 0-0-0 22. Qc5+ Qc7 23. Qxc7+ Kxc7 24. exf5 Nxf5 25. Rd3 Rg3 26. Rhd1 Rxd3 27. Rxd3 Rg8 28. Nh5 d5 29. Nf6 Rg1+ 30. Kc2 h6 31. Ng4 Kd6 32. Kb3 Rb1+ 33. Kc2 Re1 34. Rf3 Re2+ 35. Kd3 Rxa2 36. Nf2 h5 37. Rf4 Ke5 38. Rf3 Rb2 39. Nd1 Rg2 40. Ne3 Nxe3 41. Kxe3 h4 0-1